01007nam a2200217 i 450000100060000000300090000600500170001500700030003200800410003510000450007624502610012126000500038230000300043265000390046265000410050170000220054270000620056485200210062699900170064795201250066438346ES-MaACL20250930063043.0t|030225s1870 fr ||||1| fre d1 aBurmeister, Hermann, d1807-1892914686910aHistoire de la création b: exposé scientifique des phases de développement du globe terrestre et de ses habitants / cpar H. Burmeister ; edition française, traduite de l'allemand d'aprés la huitième édition par E. Maupas ; revue par Giebel. aParís : bF. Savy, c1870 (fSimon Raçon) a689 p. : bil. ; c24 cm. aTierra (Planeta)-xOrigen.917853707aGeología histórica2embne9130941 aMaupas, E.9792131 aGiebel, Christoph Gottfried Andreas (d1820-1881)9146870 aES-MaACLjD-4488 c38346d38346 001040708LIBXIXaATENEOMbATENEOMcSVId2008-01-17eSCl0oD-4488p901040372r2023-02-23 00:00:00w2023-02-23yMONANT